Biblioteca y Centro de Documentación

Nuevas manifestaciones de cooperativismo asociado (Registro nro. 50581)

Detalles MARC
000 -CABECERA
Longitud fija campo de control 01323nam a2200385 c 4500
001 - NÚMERO DE CONTROL
Número de control 50581
003 - IDENTIFICADOR DE NÚMERO DE CONTROL
Identificador del número de control ES-MaCES
005 - FECHA Y HORA DE LA ÚLTIMA TRANSACCIÓN
Fecha y hora de la última transacción 20190103040058.0
008 - CAMPO FIJO DE DESCRIPCIÓN FIJA--INFORMACIÓN GENERAL
Códigos de información de longitud fija   180313s2018 sp 000 | spa d
017 ## - NÚMERO DE REGISTRO DE DERECHOS DE AUTOR Y DEPÓSITO LEGAL
Número de copyright o de depósito legal V 3349-2017
Agencia que asigna el número DL
020 ## - ISBN (INTERNATIONAL STANDARD BOOK NUMBER)
Número Internacional Normalizado para Libros (ISBN) 9788491695820
040 ## - FUENTE DE CATALOGACIÓN
Centro catalogador de origen ES-MaCES
Lengua de catalogación spa
Centro transcriptor ES-MaCES
100 1# - ENCABEZAMIENTO PRINCIPAL--NOMBRE PERSONAL
9 (RLIN) 6070
Nombre de persona Altés Tarrega, Juan Antonio
245 10 - MENCIÓN DE TÍTULO
Título Nuevas manifestaciones de cooperativismo asociado
Resto del título : los autónomos esporádicos
Mención de responsabilidad, etc. Juan Antonio Altés Tárrega
260 ## - PUBLICACIÓN, DISTRIBUCIÓN, ETC (PIE DE IMPRENTA)
Lugar de publicación, distribución, etc. Valencia
Nombre del editor, distribuidor, etc. Tirant lo Blanch
Fecha de publicación, distribución, etc. 2018
300 ## - DESCRIPCIÓN FÍSICA
Extensión 91 p.
Dimensiones 21 cm
490 1# - MENCIÓN DE SERIE
Mención de serie Colección Laboral (Tirant lo Blanch (Firma))
Designación de volumen o secuencia 250
504 ## - NOTA DE BIBLIOGRAFÍA, ETC.
Nota de bibliografía, etc. Bibliografía: p. 89-91
541 ## - NOTA DE LA FUENTE INMEDIANTE DE ADQUISICIÓN
Forma de adquisición Compra
650 #4 - ASIENTO SECUNDARIO DE MATERIA--TÉRMINO DE MATERIA
9 (RLIN) 29851
Término de materia o nombre geográfico como elemento inicial cooperativa de trabajadores
650 #4 - ASIENTO SECUNDARIO DE MATERIA--TÉRMINO DE MATERIA
9 (RLIN) 30170
Término de materia o nombre geográfico como elemento inicial trabajo a cuenta propia
650 #4 - ASIENTO SECUNDARIO DE MATERIA--TÉRMINO DE MATERIA
9 (RLIN) 28412
Término de materia o nombre geográfico como elemento inicial trabajador independiente
650 #4 - ASIENTO SECUNDARIO DE MATERIA--TÉRMINO DE MATERIA
9 (RLIN) 29000
Término de materia o nombre geográfico como elemento inicial empleo temporal
650 #4 - ASIENTO SECUNDARIO DE MATERIA--TÉRMINO DE MATERIA
9 (RLIN) 29204
Término de materia o nombre geográfico como elemento inicial trabajador temporal
650 #4 - ASIENTO SECUNDARIO DE MATERIA--TÉRMINO DE MATERIA
9 (RLIN) 30270
Término de materia o nombre geográfico como elemento inicial fomento del empleo
650 #4 - ASIENTO SECUNDARIO DE MATERIA--TÉRMINO DE MATERIA
9 (RLIN) 30379
Término de materia o nombre geográfico como elemento inicial economía social
650 #4 - ASIENTO SECUNDARIO DE MATERIA--TÉRMINO DE MATERIA
9 (RLIN) 30375
Término de materia o nombre geográfico como elemento inicial legislación cooperativa
650 #4 - ASIENTO SECUNDARIO DE MATERIA--TÉRMINO DE MATERIA
9 (RLIN) 27165
Término de materia o nombre geográfico como elemento inicial derecho del trabajo
650 #4 - ASIENTO SECUNDARIO DE MATERIA--TÉRMINO DE MATERIA
Término de materia o nombre geográfico como elemento inicial España
9 (RLIN) 26964
650 #4 - ASIENTO SECUNDARIO DE MATERIA--TÉRMINO DE MATERIA
Término de materia o nombre geográfico como elemento inicial régimen jurídico
9 (RLIN) 29894
653 10 - TÉRMINO DE INDEXACIÓN--NO CONTROLADO
Término no controlado Derecho del trabajo y Seguridad Social
830 #0 - ENCABEZAMIENTO SECUNDARIO DE COLECCIÓN--TÍTULO UNIFORME
Título uniforme Laboral (Tirant lo Blanch (Firma))
Designación de volumen o secuencia 250
9 (RLIN) 32672
902 ## - CES. TIPO DE DOCUMENTO
Tipodoc (006$c Sirtex) LIB Libro
942 ## - ELEMENTOS KOHA
Fuente de clasificaión o esquema Clasificación propia del CES
Koha [por defecto] tipo de item Monografías
Parte de clasificación Derecho del Trabajo y Seguridad Social
Existencias
Número de registro Signatura completa Tipo de item de Koha
090130 SR-6.0.1.-292 Monografías
© CES, Consejo Económico y Social de España 2021